ՀՀ Գիտությունների ազգային ակադեմիայի հիմնարար գիտական գրադարան  =   Fundamental Scientific Library of NAS RA

«Նոր ճշմարտության» մարգարեները : (Record no. 93157)

MARC details
000 -LEADER
fixed length control field 01038nam a2200229 u 4500
001 - CONTROL NUMBER
control field 000258378
003 - CONTROL NUMBER IDENTIFIER
control field AM-YeHGA
005 - DATE AND TIME OF LATEST TRANSACTION
control field 20250618071730.0
008 - FIXED-LENGTH DATA ELEMENTS--GENERAL INFORMATION
fixed length control field 030904s1989 ai r 000 0 arm d
020 ## - INTERNATIONAL STANDARD BOOK NUMBER
International Standard Book Number 5540000390
040 ## - CATALOGING SOURCE
Original cataloging agency AM-YeHGA
041 ## - LANGUAGE CODE
Language code of text/sound track or separate title arm
090 ## - LOCALLY ASSIGNED LC-TYPE CALL NUMBER (OCLC); LOCAL CALL NUMBER (RLIN)
-- 94456
245 11 - TITLE STATEMENT
Title «Նոր ճշմարտության» մարգարեները :
Remainder of title Ակնարկներ ժամանակակից կապիտալիստական աշխարհի պաշտամունքների և սնոտիապաշտությունների մասին /
Statement of responsibility, etc. Ի.Ռ. Գրիգուլևիչ ; Խմբ.՝ Ս.Բ. Հայրապետյան ; Թարգմ.՝ Դ.Մ. Սարգսյան.
260 ## - PUBLICATION, DISTRIBUTION, ETC.
Place of publication, distribution, etc. Երևան :
Name of publisher, distributor, etc. Հայաստան,
Date of publication, distribution, etc. 1989.
300 ## - PHYSICAL DESCRIPTION
Extent 296 էջ ;
Dimensions 21 սմ.
504 ## - BIBLIOGRAPHY, ETC. NOTE
Bibliography, etc. note Տողատակի ծանոթագր.
650 14 - SUBJECT ADDED ENTRY--TOPICAL TERM
Topical term or geographic name entry element Կրոն
General subdivision Աղանդներ
700 1# - ADDED ENTRY--PERSONAL NAME
Personal name Հայրապետյան, Ս.Բ.
Relator term խմբ.
Relationship edt
700 1# - ADDED ENTRY--PERSONAL NAME
Personal name Սարգսյան, Դավիթ Մկրտչի,
Miscellaneous information (Դավիթ Մկր-Սարգսյան),
Dates associated with a name 1957-
Relator term թարգմ.
Relationship trl
9 (RLIN) 3377
942 ## - ADDED ENTRY ELEMENTS (KOHA)
Source of classification or shelving scheme Universal Decimal Classification
Koha item type Գրքեր / Books
Holdings
Withdrawn status Lost status Source of classification or shelving scheme Damaged status Not for loan Home library Current library Date acquired Total checkouts Full call number Barcode Date last seen Price effective from Koha item type Public note Collection Copy number
    Universal Decimal Classification     Fundamental Scientific Library Fundamental Scientific Library 22/12/2016   АII/78888 220078888 22/12/2016 22/12/2016 Գրքեր / Books 30 Days Loan    
    Universal Decimal Classification     Fundamental Scientific Library Fundamental Scientific Library 22/12/2016   АII/80066 220080066 22/12/2016 22/12/2016 Գրքեր / Books 30 Days Loan    
          Fundamental Scientific Library Fundamental Scientific Library 22/12/2016   AII/78888 FL0183497 22/12/2016 22/12/2016 Գրքեր / Books 30 Days Loan General 282


ՀՀ ԳԱԱ հիմնարար գիտական գրադարան
ՀՀ,Երևան 0019
Մարշալ Բաղրամյան 24/6
հեռախոս:(374-10) 52-47-50
Հետադարձ կապ

All site content, except where otherwise noted, is licensed under a
Creative Commons License